000 03793 a2200445 4500
001 24080971
003 0000
005 20251118150138.0
006 m |o d |
007 cr_|||||||||||
008 250223s2025 flu ob 000 0 eng c
010 _a 2024057168
020 _a9781032272153
035 _a24080971
035 _a(DLC)24040117
040 _aDLC
_beng
_cDLC
_erda
042 _apcc
050 0 0 _aTP 690 .S55
082 0 0 _a333.8/23211
_223/eng/20250313
100 1 _aDa Silva, Marcio Wagner
_eauthor
_4aut
_4http://id.loc.gov/vocabulary/relators/aut
_0http://id.loc.gov/authorities/names/no2022083503
245 1 0 _aCrude oil refining /
_cMarcio Wagner da Silva.
_bA simplified approach
263 _a2505
264 1 _aBoca Raton FL :
_bCRC Press,
_c2023.
300 _axiii, 267p. ill.
336 _atext
_btxt
_2rdacontent
337 _acomputer
_bc
_2rdamedia
338 _aonline resource
_bcr
_2rdacarrier
504 _aIncludes bibliographical references.
505 0 _aCurrent context of the downstream industry -- Overview of crude oil refining processes -- The role of transfer and stockpiling operations in a crude oil refinery -- Types and classification of storage tanks -- Blending operations (crude oil, LPG, fuel oil, gasoline and diesel) -- Flaring systems and how to manage this systems adequately -- Process safety management in transfer and stockpiling operations -- Calling the attention to TS - the relation with maintenance -- Asset integrity management in transfer and stockpiling sector -- Managing the interface between refinery stockpiling operations and middle stream companies -- Process safety and asset management in LPG and liquified gases storage farm -- Management of metering and billing operations -- Special topics in crude oil refining.
520 _a"Transfer and Stockpiling Operations in the Crude Oil Refining Industry provides an overview of the stockpiling and storage operations in a crude oil refinery and how these operations relate to the processing areas within refineries. It explores and offers solutions to challenges related to the management of stockpiling operations, calling attention to an operation that is essential to the success of a refining business. Details the current state of the art as well as challenges and opportunities in the downstream industry. Discusses how stockpiling operations affect the success of a refining business and how underestimation can put a refining business at risk. Describes process safety and asset management. Presents case studies with technical and management solutions to guide readers on how to solve day to day issues. Filled with insights by an author sharing experience as a transfer and stockpiling manager at a major crude oil refinery, this book is an essential reference for oil and gas managers, technicians, and engineers seeking to better manage product flows for safety, environmental compliance, and economic performance"-- Provided by publisher.
588 _aDescription based on print version record and CIP data provided by publisher; resource not viewed.
650 0 _aPetroleum
_xRefining
_0http://id.loc.gov/authorities/subjects/sh85100383
650 0 _aPetroleum
_xStorage
_0http://id.loc.gov/authorities/subjects/sh85100392
650 0 _aOil transfer operations
_0http://id.loc.gov/authorities/subjects/sh2001008004
650 0 _aPetroleum industry and trade
_0http://id.loc.gov/authorities/subjects/sh85100430
776 1 _iPrint version:
_aDa Silva, Marcio Wagner
_tTransfer and stockpiling operations in the crude oil refining industry
_bFirst edition.
_dBoca Raton FL : CRC Press, 2025
_z9781032750606
_w(DLC) 2024057167
906 _a7
_bcbc
_corignew
_d1
_eecip
_f20
_gy-gencatlg
942 _2lcc
_cBK
999 _c43997
_d43997